| 000 | 00636nam a2200169 4500 | ||
|---|---|---|---|
| 999 |
_c16417 _d16417 |
||
| 008 | 220210b ||||| |||| 00| 0 eng d | ||
| 020 | _a978-6-214-18038-7 (paperback) | ||
| 082 |
_22019 _aDFil 364.106 _bT154 |
||
| 100 |
_aTancangco, Danilo L., author. _940070 |
||
| 245 |
_aEnterprise crime : _bwhite collar and organized crime/ _cDanilo L. Tancangco. |
||
| 260 |
_aQuezon City : _bWiseman's Books Trading, _c[2019]. |
||
| 300 |
_axxiv, 478 pages : _billustrations ; _c23 cm. |
||
| 500 | _aIncludes bibliographical references. | ||
| 650 |
_aOrganized crime. _943878 |
||
| 650 |
_aWhite collar crimes _943879 |
||
| 942 |
_2ddc _cDFIL |
||